[Event "NED-ch 2001"]
[Site "Leeuwarden"]
[Date "2001.06.27"]
[Round "6"]
[White "Piket, Jeroen"]
[Black "Nijboer, Friso"]
[Result "1-0"]
[WhiteElo "2628"]
[BlackElo "2580"]
[PlyCount "63"]
[EventDate "2001.06.20"]
[Source "ChessBase"]
[SourceDate "2001.09.13"]

1. d4 Nf6 2. c4 g6 3. Nc3 Bg7 4. e4 d6 5. f3 O-O 6. Be3 Nbd7 7. Nh3 e5 8. d5
Nh5 9. Qc2 f5 10. O-O-O f4 11. Bg1 Rf7 12. Nf2 g5 13. Be2 Bf8 14. Nd3 Be7 15.
Bf2 Nhf6 16. Kb1 a6 17. g3 Nf8 18. gxf4 gxf4 19. c5 Ng6 20. Rhg1 Rg7 21. Na4
Nh5 22. Rc1 Bh4 23. cxd6 cxd6 24. Rxg6 hxg6 25. Bxh4 Qxh4 26. Nb6 Rb8 27. Nxc8
Qd8 28. Bf1 Nf6 29. Bh3 Ne8 30. Qf2 Rc7 31. Rxc7 Nxc7 32. Qb6 1-0

[Event "NED-ch 2001"]
[Site "Leeuwarden"]
[Date "2001.06.27"]
[Round "6"]
[White "Tiviakov, Sergei"]
[Black "Van Wely, Loek"]
[Result "1/2-1/2"]
[WhiteElo "2603"]
[BlackElo "2670"]
[PlyCount "25"]
[EventDate "2001.06.20"]
[Source "ChessBase"]
[SourceDate "2001.09.13"]

1. e4 e6 2. d4 d5 3. Nd2 dxe4 4. Nxe4 Nd7 5. Nf3 Ngf6 6. Nxf6+ Nxf6 7. Bd3 c5
8. O-O cxd4 9. Nxd4 Bc5 10. Be3 Bb6 11. Re1 O-O 12. Nf3 Bxe3 13. Rxe3 1/2-1/2

[Event "NED-ch 2001"]
[Site "Leeuwarden"]
[Date "2001.06.27"]
[Round "6"]
[White "Van der Weide, Karel"]
[Black "Van der Sterren, Paul"]
[Result "1/2-1/2"]
[WhiteElo "2455"]
[BlackElo "2576"]
[PlyCount "139"]
[EventDate "2001.06.20"]
[Source "ChessBase"]
[SourceDate "2001.09.13"]

1. e4 g6 2. d4 Bg7 3. Nc3 d6 4. f4 Nf6 5. Nf3 c5 6. dxc5 Qa5 7. Bd3 Qxc5 8. Qe2
O-O 9. Be3 Qa5 10. O-O Bg4 11. h3 Bxf3 12. Qxf3 Nc6 13. Rab1 e6 14. a3 d5 15.
e5 Nd7 16. b4 Qd8 17. Nb5 a5 18. c4 dxc4 19. Bxc4 axb4 20. axb4 Qe7 21. Rfd1
Rfd8 22. Qe4 g5 23. g3 Nxb4 24. Qxb7 gxf4 25. gxf4 Rab8 26. Rxd7 Qxd7 27. Qxd7
Rxd7 28. Rxb4 Rd1+ 29. Kf2 Bf8 30. Rb3 Be7 31. Nc3 Rxb3 32. Nxd1 Ra3 33. Ke2
Kg7 34. Nf2 Rc3 35. Bd3 Ra3 36. Bd4 Ra2+ 37. Kf3 Ra3 38. Ke3 Bh4 39. Ng4 h5 40.
Nf6 Bf2+ 41. Kxf2 Rxd3 42. Be3 Kg6 43. Ne4 Ra3 44. Ng3 Ra4 45. Kf3 Rb4 46. Ne4
Ra4 47. Ng5 Rb4 48. Ne4 Ra4 49. Nf6 Rb4 50. Bf2 Rb3+ 51. Kg2 Ra3 52. Bc5 Rd3
53. Be7 Rb3 54. Ne8 Rb7 55. Bg5 Rb3 56. Nf6 Rc3 57. Ne4 Ra3 58. Nd6 Rb3 59. Nc8
Kf5 60. Ne7+ Ke4 61. Nc6 Rc3 62. Nd8 Rc7 63. Kg3 Kf5 64. Kf3 Rc3+ 65. Kg2 Rc2+
66. Kg3 Rc7 67. Kh4 Kg6 68. Bf6 Rc4 69. Bg5 Rc7 70. Bf6 1/2-1/2

[Event "NED-ch 2001"]
[Site "Leeuwarden"]
[Date "2001.06.27"]
[Round "6"]
[White "Van der Werf, Mark"]
[Black "Van den Doel, Erik"]
[Result "0-1"]
[WhiteElo "2450"]
[BlackElo "2574"]
[PlyCount "108"]
[EventDate "2001.06.20"]
[Source "ChessBase"]
[SourceDate "2001.09.13"]

1. d4 d5 2. c4 dxc4 3. Nf3 e6 4. e4 b5 5. a4 c6 6. axb5 cxb5 7. b3 Nf6 8. e5
Ne4 9. bxc4 Bb4+ 10. Nbd2 Nc6 11. Bd3 Nc5 12. Be2 Nxd4 13. O-O Bc3 14. Nxd4
Qxd4 15. Ra2 b4 16. Bf3 Rb8 17. Bc6+ Bd7 18. Bxd7+ Qxd7 19. Ra5 Rc8 20. Qg4
Bxd2 21. Qxg7 Rf8 22. Bxd2 Qxd2 23. Rxa7 b3 24. Qxh7 b2 25. Qb1 Rb8 26. Qa2 Qb4
27. Rb1 Qb3 28. Qxb3 Rxb3 29. h4 Nd7 30. Ra2 Nxe5 31. Raxb2 Rxb2 32. Rxb2 Ke7
33. c5 Rc8 34. Rc2 Nd3 35. Rc3 Nxc5 36. g4 Kd6 37. Kg2 Rh8 38. h5 e5 39. Ra3
Rg8 40. Kh3 Ne4 41. f3 Ng5+ 42. Kg3 Ke7 43. Re3 Kf6 44. f4 exf4+ 45. Kxf4 Ra8
46. Kg3 Ra1 47. Kg2 Kg7 48. Re5 Ra2+ 49. Kg3 Ra3+ 50. Kg2 f6 51. Re7+ Kh6 52.
Re8 Nf7 53. Re6 Kg5 54. Re8 Nh6 0-1

[Event "NED-ch 2001"]
[Site "Leeuwarden"]
[Date "2001.06.28"]
[Round "7"]
[White "Van Wely, Loek"]
[Black "Van der Werf, Mark"]
[Result "1-0"]
[WhiteElo "2670"]
[BlackElo "2450"]
[PlyCount "169"]
[EventDate "2001.06.20"]
[Source "ChessBase"]
[SourceDate "2001.09.13"]

1. d4 d5 2. c4 e6 3. Nc3 c6 4. e3 Nd7 5. Bd3 Ngf6 6. Nf3 Be7 7. O-O O-O 8. b3
b6 9. Bb2 Bb7 10. Qe2 Qc7 11. Rac1 Rad8 12. Ne5 dxc4 13. Nxc4 c5 14. Rfd1 cxd4
15. exd4 Qf4 16. Qe3 Qg4 17. Qg3 Qxg3 18. hxg3 Nb8 19. Be2 Nd5 20. Nxd5 Bxd5
21. Ne3 Bc6 22. d5 Bxd5 23. Nxd5 exd5 24. Bf3 Bc5 25. Bxd5 a5 26. Bf3 h6 27.
Kf1 Rfe8 28. Be2 Nc6 29. a3 Rxd1+ 30. Rxd1 Rd8 31. Rxd8+ Nxd8 32. Bf3 Kf8 33.
Ke2 f6 34. Bd5 Ke7 35. f4 Kd6 36. Bc4 Nc6 37. Kd3 Ne7 38. Ke4 f5+ 39. Kf3 g5
40. Be5+ Kc6 41. a4 g4+ 42. Ke2 Kd7 43. Bg7 Nc8 44. Bxh6 Nd6 45. Bd5 Bd4 46.
Bf8 Bh8 47. Kd3 Bf6 48. Bg8 Ne4 49. Kc4 Ke8 50. Ba3 Kd7 51. Bc1 Bd8 52. Be3 Nf6
53. Bf7 Ne4 54. Kd5 Ke7 55. Be6 Nxg3 56. Bf2 Ne2 57. Bh4+ Ke8 58. Bxd8 Kxd8 59.
Ke5 Ke7 60. Bxf5 g3 61. Bd3 Nc3 62. Bc4 Nd1 63. Ke4 Nf2+ 64. Kf3 Nh1 65. Bd3
Kf6 66. Bc2 Ke6 67. Kg4 Kf6 68. Kh4 Ke6 69. Kg5 Kf7 70. Be4 Nf2 71. Bd5+ Ke7
72. f5 Nh1 73. f6+ Kf8 74. Kf4 Ke8 75. Ke5 Nf2 76. Kd6 Ng4 77. Kc7 Nxf6 78. Bf3
Ke7 79. Kxb6 Kd6 80. Kxa5 Nd7 81. Kb5 Nc5 82. b4 Nb3 83. Ba8 Nd4+ 84. Kc4 Ne6
85. a5 1-0

[Event "NED-ch 2001"]
[Site "Leeuwarden"]
[Date "2001.06.28"]
[Round "7"]
[White "Van den Doel, Erik"]
[Black "Ernst, Sipke"]
[Result "1/2-1/2"]
[WhiteElo "2574"]
[BlackElo "2435"]
[PlyCount "87"]
[EventDate "2001.06.20"]
[Source "ChessBase"]
[SourceDate "2001.09.13"]

1. e4 e5 2. Nf3 Nc6 3. Bb5 a6 4. Ba4 Nf6 5. O-O Nxe4 6. d4 b5 7. Bb3 d5 8. dxe5
Be6 9. Nbd2 Be7 10. c3 O-O 11. Nd4 Nxd4 12. cxd4 Nxd2 13. Bxd2 c5 14. f4 c4 15.
Bc2 f5 16. exf6 Bxf6 17. Bb4 Qd7 18. Bxf8 Rxf8 19. Qd2 Qa7 20. Rad1 Bg4 21. h3
Bxd1 22. Rxd1 Qe7 23. Qf2 Re8 24. Qf3 Qe3+ 25. Qxe3 Rxe3 26. Kf2 Re7 27. Kf3 g6
28. g4 g5 29. h4 h6 30. fxg5 hxg5 31. h5 Kg7 32. Bf5 a5 33. b3 c3 34. a3 Kh6
35. Bc2 Bg7 36. Bf5 Bf6 37. Bg6 Bg7 38. Bf5 Bf6 39. b4 axb4 40. axb4 Rc7 41.
Bc2 Rf7 42. Ke3 Re7+ 43. Kf3 Rf7 44. Ke3 1/2-1/2

[Event "NED-ch 2001"]
[Site "Leeuwarden"]
[Date "2001.06.28"]
[Round "7"]
[White "Van der Wiel, John"]
[Black "Van der Weide, Karel"]
[Result "1/2-1/2"]
[WhiteElo "2493"]
[BlackElo "2455"]
[PlyCount "66"]
[EventDate "2001.06.20"]
[Source "ChessBase"]
[SourceDate "2001.09.13"]

1. e4 c5 2. Nf3 Nc6 3. d4 cxd4 4. Nxd4 Nf6 5. Nc3 d6 6. Bg5 e6 7. Qd2 Be7 8.
O-O-O Nxd4 9. Qxd4 O-O 10. f4 Qa5 11. Bc4 Bd7 12. e5 dxe5 13. fxe5 Bc6 14. Bd2
Nd7 15. Nd5 Qd8 16. Nxe7+ Qxe7 17. Rhe1 Rfd8 18. Qg4 Nf8 19. Bd3 Rd5 20. Bb4
Qd8 21. Bd6 Ng6 22. b3 Rc8 23. Kb2 Qb6 24. Bc4 Rxd1 25. Rxd1 h5 26. Qxh5 Be4
27. Qe2 Qc6 28. a4 a6 29. Rd4 Bxg2 30. a5 Bd5 31. h4 Bf3 32. Qd2 Bh5 33. Qg5
Qf3 1/2-1/2

[Event "NED-ch 2001"]
[Site "Leeuwarden"]
[Date "2001.06.29"]
[Round "8"]
[White "Ernst, Sipke"]
[Black "Van der Weide, Karel"]
[Result "0-1"]
[WhiteElo "2435"]
[BlackElo "2455"]
[PlyCount "56"]
[EventDate "2001.06.20"]
[Source "ChessBase"]
[SourceDate "2001.09.13"]

1. d4 Nf6 2. c4 c5 3. d5 b5 4. Nf3 g6 5. cxb5 a6 6. Qc2 axb5 7. e4 Qa5+ 8. Bd2
b4 9. Na3 Ba6 10. Nc4 Qc7 11. a3 Bxc4 12. Bxc4 Bg7 13. O-O bxa3 14. e5 Ng4 15.
Qe4 Nxe5 16. d6 Qxd6 17. Bf4 Nbc6 18. Rad1 Nxf3+ 19. gxf3 Qf6 20. Rxd7 O-O 21.
bxa3 Rxa3 22. Kh1 Nd4 23. Rxe7 Rxf3 24. Bg3 Rc3 25. Bd5 Nf5 26. Rc7 Rxg3 27.
Rxf7 Rxf7 28. Rb1 Ra3 0-1

[Event "NED-ch 2001"]
[Site "Leeuwarden"]
[Date "2001.06.29"]
[Round "8"]
[White "Piket, Jeroen"]
[Black "Van der Wiel, John"]
[Result "1/2-1/2"]
[WhiteElo "2628"]
[BlackElo "2493"]
[PlyCount "122"]
[EventDate "2001.06.20"]
[Source "ChessBase"]
[SourceDate "2001.09.13"]

1. d4 Nf6 2. c4 e6 3. Nf3 d5 4. Nc3 Be7 5. Bg5 O-O 6. e3 h6 7. Bh4 b6 8. Qb3
Bb7 9. Bxf6 Bxf6 10. cxd5 exd5 11. Rd1 Re8 12. a3 c6 13. Bd3 Nd7 14. O-O g6 15.
Rd2 Nf8 16. Rc1 Ne6 17. Qd1 Qe7 18. Bf1 Rad8 19. b4 h5 20. Na4 Nc7 21. Nb2 Rc8
22. Qb3 Nb5 23. a4 Nd6 24. Rdc2 Ne4 25. Nd3 Bg7 26. Nfe5 c5 27. bxc5 bxc5 28.
dxc5 Ba6 29. Qxd5 Bxe5 30. Nxe5 Bxf1 31. Qxe4 Bxg2 32. Qxg2 Qxe5 33. Rc4 Rc7
34. c6 Kh7 35. Qg3 Re6 36. e4 Kg7 37. f4 Qa5 38. R1c2 Qb6+ 39. Kg2 Kh7 40. Qc3
Qb1 41. e5 Qd1 42. h3 Qd5+ 43. Qf3 Qd8 44. Kf2 f6 45. exf6 Qxf6 46. Kg2 Qe7 47.
R4c3 Qe8 48. a5 Re4 49. a6 Kh6 50. Kh2 Qe6 51. Rc5 Re3 52. Qg2 Qd6 53. Qg5+ Kh7
54. Re5 Qd3 55. Rxe3 Qxc2+ 56. Qg2 Rxc6 57. Re7+ Kh6 58. Rxa7 Qxg2+ 59. Kxg2
Rc2+ 60. Kg1 Ra2 61. Ra8 Kg7 1/2-1/2

[Event "NED-ch 2001"]
[Site "Leeuwarden"]
[Date "2001.06.29"]
[Round "8"]
[White "Tiviakov, Sergei"]
[Black "Van der Sterren, Paul"]
[Result "1-0"]
[WhiteElo "2603"]
[BlackElo "2576"]
[PlyCount "117"]
[EventDate "2001.06.20"]
[Source "ChessBase"]
[SourceDate "2001.09.13"]

1. e4 d6 2. d4 Nf6 3. Nc3 g6 4. Bg5 c6 5. Qd2 b5 6. Bd3 Nbd7 7. f4 Nb6 8. Nf3
Bg7 9. O-O Nc4 10. Bxc4 bxc4 11. Rae1 Qb6 12. e5 dxe5 13. Nxe5 O-O 14. Nxc4 Qc7
15. Bxf6 Bxf6 16. Ne4 Ba6 17. b3 Bg7 18. c3 e6 19. Qe2 Rfd8 20. Nc5 Bb5 21. Rf3
Bxc4 22. bxc4 Qb6 23. Ne4 Rab8 24. c5 Qb2 25. Nd6 Qxe2 26. Rxe2 Rb1+ 27. Rf1
Rdb8 28. Nc4 Kf8 29. Ree1 Rxe1 30. Rxe1 Ke7 31. Kf2 h5 32. g3 f6 33. Ke2 Kd7
34. Kd3 Bf8 35. Kc2 Be7 36. Rb1 Rxb1 37. Kxb1 Bd8 38. Kc2 Bc7 39. Kd3 h4 40.
Ke4 hxg3 41. hxg3 Ke7 42. Nd2 g5 43. fxg5 Bxg3 44. gxf6+ Kxf6 45. Nc4 Bc7 46.
a3 a6 47. a4 a5 48. Nd6 Ke7 49. Nb7 Kd7 50. c4 Kc8 51. Nd6+ Kd7 52. Nf7 Bg3 53.
Ne5+ Kc7 54. d5 exd5+ 55. cxd5 cxd5+ 56. Kxd5 Be1 57. Nf3 Bf2 58. Kc4 Kd7 59.
Nd4 1-0

[Event "NED-ch 2001"]
[Site "Leeuwarden"]
[Date "2001.06.29"]
[Round "8"]
[White "Van den Doel, Erik"]
[Black "Van Wely, Loek"]
[Result "1/2-1/2"]
[WhiteElo "2574"]
[BlackElo "2670"]
[PlyCount "44"]
[EventDate "2001.06.20"]
[Source "ChessBase"]
[SourceDate "2001.09.13"]

1. e4 c5 2. Nf3 d6 3. d4 cxd4 4. Nxd4 Nf6 5. Nc3 a6 6. Be3 Ng4 7. Bg5 h6 8. Bh4
g5 9. Bg3 Bg7 10. h3 Nf6 11. Qf3 Qb6 12. O-O-O Nc6 13. Nxc6 Qxc6 14. Be2 Nd7
15. Nd5 Ne5 16. Qe3 b5 17. h4 g4 18. f4 gxf3 19. gxf3 Be6 20. Be1 Bxd5 21. exd5
Nc4 22. Bxc4 Qxc4 1/2-1/2

[Event "NED-ch 2001"]
[Site "Leeuwarden"]
[Date "2001.06.29"]
[Round "8"]
[White "Van der Werf, Mark"]
[Black "Nijboer, Friso"]
[Result "0-1"]
[WhiteElo "2450"]
[BlackElo "2580"]
[PlyCount "74"]
[EventDate "2001.06.20"]
[Source "ChessBase"]
[SourceDate "2001.09.13"]

1. d4 Nf6 2. c4 g6 3. Nc3 d5 4. cxd5 Nxd5 5. e4 Nxc3 6. bxc3 Bg7 7. Bc4 c5 8.
Ne2 O-O 9. O-O Nc6 10. Be3 Bd7 11. Rb1 Na5 12. Bd3 Rc8 13. Qd2 e5 14. d5 f5 15.
f3 f4 16. Bf2 c4 17. Bc2 b6 18. Rb4 Rf7 19. Ba4 Bxa4 20. Rxa4 Bf8 21. Rb1 Bd6
22. Qb2 h5 23. Kf1 g5 24. Qb5 g4 25. Ke1 Rg7 26. Kd2 Bc5 27. Bxc5 Rxc5 28. Rxa5
Rxb5 29. Raxb5 Qh4 30. d6 Qf2 31. Rd5 Qxg2 32. d7 Rxd7 33. Rxd7 gxf3 34. Rg1
Qxg1 35. Nxg1 f2 36. Rd8+ Kg7 37. Rd7+ Kf6 0-1

[Event "NED-ch 2001"]
[Site "Leeuwarden"]
[Date "2001.06.30"]
[Round "9"]
[White "Nijboer, Friso"]
[Black "Van den Doel, Erik"]
[Result "0-1"]
[WhiteElo "2580"]
[BlackElo "2574"]
[PlyCount "68"]
[EventDate "2001.06.20"]
[Source "ChessBase"]
[SourceDate "2001.09.13"]

1. e4 e5 2. Nf3 Nc6 3. Bb5 Nf6 4. O-O Nxe4 5. d4 Nd6 6. Bxc6 dxc6 7. dxe5 Nf5
8. Qxd8+ Kxd8 9. Nc3 Bd7 10. h3 h6 11. b3 Kc8 12. Bb2 b6 13. Rad1 Ne7 14. Ne1
a5 15. a4 h5 16. Nf3 Bf5 17. Nd4 Bg6 18. Rd2 Kb7 19. Rfd1 Re8 20. Nce2 Bh7 21.
e6 f6 22. g4 hxg4 23. hxg4 Ng6 24. Ng3 Bg8 25. g5 fxg5 26. Ne4 Bb4 27. Re2 Nf4
28. Re3 Bxe6 29. Nxe6 Rxe6 30. Bxg7 Rh7 31. Bf6 Nd5 32. Nxg5 Nxe3 33. fxe3 Rxf6
34. Nxh7 Rf7 0-1

[Event "NED-ch 2001"]
[Site "Leeuwarden"]
[Date "2001.06.30"]
[Round "9"]
[White "Van Wely, Loek"]
[Black "Ernst, Sipke"]
[Result "1-0"]
[WhiteElo "2670"]
[BlackElo "2435"]
[PlyCount "51"]
[EventDate "2001.06.20"]
[Source "ChessBase"]
[SourceDate "2001.09.13"]

1. Nf3 Nf6 2. c4 g6 3. Nc3 Bg7 4. e4 d6 5. d4 O-O 6. Be2 e5 7. O-O Na6 8. Re1
c6 9. Bf1 exd4 10. Nxd4 Ng4 11. h3 Qb6 12. hxg4 Bxd4 13. Be3 Bxe3 14. Rxe3 Qc5
15. Be2 Be6 16. b3 Rad8 17. Qd2 f6 18. Rd1 g5 19. Rd3 Rd7 20. e5 f5 21. Rxd6
Rxd6 22. Qxg5+ Kh8 23. Rxd6 Qxe5 24. Qe7 Rg8 25. Rxe6 Qxc3 26. Re5 1-0

[Event "NED-ch 2001"]
[Site "Leeuwarden"]
[Date "2001.06.30"]
[Round "9"]
[White "Van der Sterren, Paul"]
[Black "Van der Werf, Mark"]
[Result "0-1"]
[WhiteElo "2576"]
[BlackElo "2450"]
[PlyCount "118"]
[EventDate "2001.06.20"]
[Source "ChessBase"]
[SourceDate "2001.09.13"]

1. c4 e6 2. g3 d5 3. Bg2 dxc4 4. Qa4+ Nd7 5. Qxc4 a6 6. Qc2 c5 7. Nf3 Ngf6 8.
Nc3 Rb8 9. d4 b5 10. Bf4 Rb6 11. a4 b4 12. a5 b3 13. Qc1 Rb4 14. Na4 Bb7 15.
dxc5 Bc6 16. O-O Rxa4 17. Rxa4 Bxa4 18. c6 Nc5 19. c7 Qc8 20. Nd2 Bb5 21. Nc4
Bxc4 22. Qxc4 Be7 23. Bc6+ Nfd7 24. Rd1 O-O 25. Bxd7 Nxd7 26. Bd6 Re8 27. Bxe7
Rxe7 28. Rd6 Nf8 29. Rc6 e5 30. Qc5 Re6 31. Rb6 Nd7 32. Qd5 Qxc7 33. Rxe6 fxe6
34. Qxe6+ Kf8 35. Qxa6 Ke7 36. Kg2 Qc2 37. Qb7 Qxb2 38. Qb4+ Ke8 39. a6 Qa2 40.
Qc4 Ke7 41. Qh4+ Kf7 42. Qc4+ Kf8 43. Qb4+ Ke8 44. Qc4 Qa3 45. Qg8+ Nf8 46.
Qxg7 Qxa6 47. Qxe5+ Qe6 48. Qb8+ Kf7 49. Qf4+ Kg7 50. Qd4+ Qf6 51. Qg4+ Kh8 52.
Qb4 b2 53. e4 Nd7 54. f4 Kg8 55. Qb3+ Kf8 56. Qa3+ Kg7 57. Qb4 Kf7 58. Qb3+ Ke8
59. Qg8+ Ke7 0-1

[Event "NED-ch 2001"]
[Site "Leeuwarden"]
[Date "2001.06.30"]
[Round "9"]
[White "Van der Weide, Karel"]
[Black "Piket, Jeroen"]
[Result "1/2-1/2"]
[WhiteElo "2455"]
[BlackElo "2628"]
[PlyCount "59"]
[EventDate "2001.06.20"]
[Source "ChessBase"]
[SourceDate "2001.09.13"]

1. e4 e5 2. Nf3 Nc6 3. Bb5 Nf6 4. O-O Bc5 5. Nxe5 Nxe5 6. d4 a6 7. Ba4 b5 8.
dxe5 Nxe4 9. Qg4 Bb7 10. Bb3 Qe7 11. Nc3 Nxc3 12. bxc3 O-O-O 13. Bg5 f6 14.
exf6 gxf6 15. Bh4 h5 16. Qg6 Rdf8 17. Rae1 Qh7 18. Qxh7 Rxh7 19. c4 bxc4 20.
Bxc4 Rg7 21. g3 Rg4 22. Bf7 Be4 23. h3 Rxh4 24. gxh4 f5 25. Rxe4 fxe4 26. Bxh5
e3 27. fxe3 Bxe3+ 28. Kg2 Rxf1 29. Kxf1 Kd8 30. Ke2 1/2-1/2

[Event "NED-ch 2001"]
[Site "Leeuwarden"]
[Date "2001.06.30"]
[Round "9"]
[White "Van der Wiel, John"]
[Black "Tiviakov, Sergei"]
[Result "1/2-1/2"]
[WhiteElo "2493"]
[BlackElo "2603"]
[PlyCount "36"]
[EventDate "2001.06.20"]
[Source "ChessBase"]
[SourceDate "2001.09.13"]

1. e4 c5 2. Nf3 Nc6 3. d4 cxd4 4. Nxd4 g6 5. c4 Nf6 6. Nc3 d6 7. Be2 Nxd4 8.
Qxd4 Bg7 9. Be3 O-O 10. Qd2 Be6 11. Rc1 Qa5 12. f3 Rfc8 13. b3 a6 14. Nd5 Qxd2+
15. Kxd2 Nxd5 16. cxd5 Bd7 17. Rxc8+ Rxc8 18. Rc1 Rxc1 1/2-1/2